000
00316nam a22001457a 4500
008
221005b ||||| |||| 00| 0 eng d
020
_a
0808911147
041
_a
eng
080
_2
volume 1
_a
616.8
082
_a
616.8DEG
100
_a
12
101
_a
KAN
245
_a
ENDOCRINOLOGY
_c
DEGROOT L
942
_2
udc
_c
BK
999
_c
58346
_d
58346